00000000nam##2200000za#4500
0019.686124
003CaOODSP
00520210624230408
007cr |||||||||||
008150407|2001||||xxc|||||o    f|0| 0 eng|d
020 |a0-662-30494-2
040 |aCaOODSP|beng
043 |an-cn---
0861 |aA42-92/2001E-IN
1101 |aCanada. |bAgriculture and Agri-Food Canada. |bResearch Branch.
24510|aNitrogen management in field vegetables: a guide to efficient fertilization / |h[electronic resource]|cby Nicholas Tremblay et al. Issued by the Horticultural Research and Development Centre.
260 |aSaint-Jean-sur-Richelieu - Quebec : |bAgriculture and Agri-Food Canada. |c2001.
300 |a65p. (651 KB)|billus., references
590 |a01-28|b2001-07-13
69007|aFertilizers|2gcpds
69007|aSoil|2gcpds
69007|aVegetable crops|2gcpds
7201 |aTremblay, Nicholas
77508|tRégie de l'azote chez les cultures maraîchères: guide pour une fertilisation raisonnée / |w(CaOODSP)9.630641
85640|ahttp://publications.gc.ca|qPDF|s651 KB|uhttps://publications.gc.ca/collections/Collection/A42-92-2001E.pdf